| 000 | 00502nam a22001697a 4500 | ||
|---|---|---|---|
| 003 | CEME | ||
| 005 | 20210628210252.0 | ||
| 008 | 210201b xxu||||| |||| 00| 0 eng d | ||
| 040 | _c. | ||
| 082 | _a297.7 LUD | ||
| 100 |
_a39gwaq7peh7fjtfa4dxguurfn7gulq2pt _978804 |
||
| 245 | _aIslahi mawaz,speeches of maulana muhammad yousaf ludhanvi | ||
| 260 |
_aKARACHI _bMAKTABA LUDHAYNEVEY _c2001 |
||
| 300 | _a7VOLS | ||
| 650 |
_aISLAM-SPEECHES OF MAULANA MUHAMMAD YOUSAF LUDHANVI _978805 |
||
| 942 |
_cBK _2ddc |
||
| 999 |
_c583877 _d583877 |
||